[Event "Vicente Lopez ProAm 100 Years op"]
[Site "Buenos Aires"]
[Date "2022.10.14"]
[Round "4"]
[White "Piasetski, Leon David"]
[Black "Aberbach Peltzman, Angel Sergio"]
[Result "1-0"]
[WhiteElo "2225"]
[BlackElo "1846"]
[PlyCount "43"]
[EventDate "2022.10.11"]
[EventType "swiss"]
[EventRounds "9"]
[EventCountry "ARG"]
[SourceTitle "CBM 210 Extra"]
[Source "ChessBase"]
[SourceDate "2022.11.30"]
[SourceVersion "1"]
[SourceVersionDate "2022.11.30"]
[SourceQuality "1"]

1. c4 e5 2. Nc3 Nf6 3. Nf3 Nc6 4. d3 d5 5. cxd5 Nxd5 6. g3 Nb6 7. Bg2 Be7 8. Be3 0-0 9. 0-0 Be6 10. a3 f6 11. Rc1 Nd5 12. Na4 Nxe3 13. fxe3 Na5 14. Nd2 c5 15. Nxc5 Bxc5 16. Rxc5 Qb6 17. b4 Nc6 18. Qc1 Rac8 19. Nc4 Bxc4 20. Qxc4+ Kh8 21. Rc1 g6 22. Qb5 1-0

[Event "LSS No Engine Cup 199 Final"]
[Site "LSS email"]
[Date "2020.09.21"]
[Round "?"]
[White "Aberbach Peltzman, Angel Sergio"]
[Black "Syter, Gerard"]
[Result "0-1"]
[WhiteElo "1895"]
[BlackElo "1600"]
[PlyCount "32"]
[EventDate "2020.09.21"]
[EventType "tourn (corr)"]
[EventRounds "6"]
[EventCountry "GER"]
[SourceTitle "Corr 2022"]
[Source "ChessBase"]
[SourceDate "2021.10.24"]
[SourceVersion "1"]
[SourceVersionDate "2021.10.24"]
[SourceQuality "1"]

1. d4 Nf6 2. Bg5 e6 3. Nd2 h6 4. Bh4 c5 5. e4 d5 6. e5 g5 7. Bg3 Nfd7 8. h4 Rg8 9. hxg5 hxg5 10. Rh7 Bg7 11. Nh3 Nf8 12. Rh5 Nc6 13. Bb5 cxd4 14. Nxg5 a6 15. Qf3 Qc7 16. 0-0-0 axb5 0-1

[Event "LSS No Engine Cup 199 Final"]
[Site "LSS email"]
[Date "2020.09.21"]
[Round "?"]
[White "Dogan, Ahmet"]
[Black "Aberbach Peltzman, Angel Sergio"]
[Result "0-1"]
[WhiteElo "2013"]
[BlackElo "1895"]
[PlyCount "56"]
[EventDate "2020.09.21"]
[EventType "tourn (corr)"]
[EventRounds "6"]
[EventCountry "GER"]
[SourceTitle "Corr 2022"]
[Source "ChessBase"]
[SourceDate "2021.10.24"]
[SourceVersion "1"]
[SourceVersionDate "2021.10.24"]
[SourceQuality "1"]

1. d4 e6 2. c4 f5 3. g3 Nf6 4. Bg2 c6 5. Nf3 d5 6. 0-0 Bd6 7. c5 Bc7 8. b4 a5 9. Qa4 Ne4 10. Bb2 0-0 11. Nbd2 Nd7 12. b5 cxb5 13. Qxb5 Rf7 14. Rfc1 Ndf6 15. Nxe4 dxe4 16. Nd2 Bd7 17. Qc4 Nd5 18. e3 Qg5 19. Qe2 h5 20. Nc4 Bb5 21. h4 Qh6 22. a4 Bxc4 23. Rxc4 g5 24. Bc1 gxh4 25. gxh4 Kh8 26. f4 Rg8 27. Qe1 Rfg7 28. Ra2 Rg3 0-1

[Event "SM-2020-0-00433"]
[Site "LSS email"]
[Date "2020.09.14"]
[Round "?"]
[White "Corti, Horacio"]
[Black "Aberbach Peltzman, Angel Sergio"]
[Result "1/2-1/2"]
[WhiteElo "2295"]
[BlackElo "2264"]
[PlyCount "88"]
[EventDate "2020.06.26"]
[EventType "tourn (corr)"]
[EventRounds "6"]
[EventCountry "GER"]
[SourceTitle "Corr 2022"]
[Source "ChessBase"]
[SourceDate "2021.10.24"]
[SourceVersion "1"]
[SourceVersionDate "2021.10.24"]
[SourceQuality "1"]

1. e4 e6 2. d4 d5 3. Nc3 Bb4 4. e5 c5 5. a3 Bxc3+ 6. bxc3 Ne7 7. h4 Qc7 8. Rb1 b6 9. h5 h6 10. Qg4 Kf8 11. Rh3 Ba6 12. Rf3 Kg8 13. Qf4 Nec6 14. a4 Bxf1 15. Kxf1 Nd8 16. Rg3 Nd7 17. Qg4 Rh7 18. Bxh6 f5 19. Qf4 Nf8 20. Bg5 cxd4 21. Nh3 Nf7 22. Bf6 Qc4+ 23. Kg1 dxc3 24. Qxc4 dxc4 25. Nf4 Re8 26. Rb4 Nd7 27. Rxc4 Nfxe5 28. Bxe5 Nxe5 29. Rc7 Ng4 30. Rgxc3 e5 31. Nd5 Rxh5 32. Rxa7 e4 33. Rcc7 Rg5 34. Re7 Rxe7 35. Rxe7 Rg6 36. Rb7 Rd6 37. c4 Ne5 38. Rxb6 Rd7 39. Rb5 Nxc4 40. Rc5 Nd2 41. Nb6 Rd6 42. Nc8 Ra6 43. Rxf5 Kh7 44. Ne7 g6 1/2-1/2

[Event "SM-2020-0-00432"]
[Site "LSS email"]
[Date "2020.08.28"]
[Round "?"]
[White "Ploscaru, Stelian"]
[Black "Aberbach Peltzman, Angel Sergio"]
[Result "1/2-1/2"]
[WhiteElo "2280"]
[BlackElo "2265"]
[PlyCount "46"]
[EventDate "2020.06.13"]
[EventType "tourn (corr)"]
[EventRounds "6"]
[EventCountry "GER"]
[SourceTitle "Corr 2022"]
[Source "ChessBase"]
[SourceDate "2021.10.24"]
[SourceVersion "1"]
[SourceVersionDate "2021.10.24"]
[SourceQuality "1"]

1. e4 e5 2. Nf3 Nf6 3. d4 exd4 4. e5 Ne4 5. Qxd4 d5 6. exd6 Nxd6 7. Nc3 Nc6 8. Qf4 g6 9. Be3 Bg7 10. 0-0-0 0-0 11. Bc5 Bf5 12. g4 Be6 13. h4 Qf6 14. Qxf6 Bxf6 15. Nd5 Bg7 16. Rg1 Bxd5 17. Rxd5 Rfd8 18. c3 Bh6+ 19. g5 Bf8 20. Be3 Ne7 21. Rd2 Re8 22. Bf4 Ne4 23. Re2 Nd5 1/2-1/2

[Event "LSS No Engine Cup 204 Preliminary 0"]
[Site "LSS email"]
[Date "2020.06.05"]
[Round "?"]
[White "Aberbach Peltzman, Angel Sergio"]
[Black "Sheers, Matthew"]
[Result "1/2-1/2"]
[WhiteElo "1781"]
[BlackElo "1600"]
[PlyCount "55"]
[EventDate "2020.06.05"]
[EventType "tourn (corr)"]
[EventRounds "6"]
[EventCountry "GER"]
[SourceTitle "Corr 2022"]
[Source "ChessBase"]
[SourceDate "2021.10.24"]
[SourceVersion "1"]
[SourceVersionDate "2021.10.24"]
[SourceQuality "1"]

1. e4 e6 2. d4 d5 3. Nc3 dxe4 4. Nxe4 Nd7 5. g3 Be7 6. Bg2 Ngf6 7. Nc3 a5 8. Nf3 0-0 9. 0-0 c6 10. Re1 b5 11. Bg5 b4 12. Bxf6 Bxf6 13. Ne4 Be7 14. c4 bxc3 15. bxc3 Bb7 16. c4 c5 17. d5 exd5 18. cxd5 c4 19. d6 Bf6 20. Nxf6+ Qxf6 21. Rb1 Bxf3 22. Qxf3 Ra6 23. Rbd1 g6 24. Re7 Qxf3 25. Bxf3 Rd8 26. Rd4 c3 27. Kg2 h5 28. Rd3 1/2-1/2

[Event "ARG-ch sf 95th"]
[Site "Buenos Aires"]
[Date "2020.02.27"]
[Round "6"]
[White "Gomez, Carlos David"]
[Black "Aberbach Peltzman, Angel Sergio"]
[Result "1-0"]
[WhiteElo "2307"]
[BlackElo "1972"]
[PlyCount "49"]
[EventDate "2020.02.22"]
[EventType "swiss"]
[EventRounds "9"]
[EventCountry "ARG"]
[SourceTitle "CBM 195 Extra"]
[Source "ChessBase"]
[SourceDate "2020.05.31"]
[SourceVersion "1"]
[SourceVersionDate "2020.05.31"]
[SourceQuality "1"]

1. d4 Nf6 2. Nf3 e6 3. e3 c5 4. Bd3 Nc6 5. 0-0 d5 6. b3 Bd6 7. Bb2 0-0 8. Nbd2 Qe7 9. a3 e5 10. dxc5 Bxc5 11. e4 Bg4 12. b4 Bb6 13. exd5 Nxd5 14. Qe1 Rae8 15. Be4 Nf4 16. Bxc6 bxc6 17. Qxe5 Qxe5 18. Bxe5 Ne2+ 19. Kh1 Bf5 20. Nc4 Bc7 21. Rfe1 Nf4 22. g3 Nh3 23. Kg2 Ng5 24. h4 Ne4 25. g4 1-0

[Event "LSS No Engine Cup 199 Preliminary 0"]
[Site "LSS email"]
[Date "2020.02.11"]
[Round "?"]
[White "Aberbach Peltzman, Angel Sergio"]
[Black "Owens, Johnny"]
[Result "1-0"]
[WhiteElo "1783"]
[BlackElo "1899"]
[PlyCount "55"]
[EventDate "2020.02.11"]
[EventType "tourn (corr)"]
[EventRounds "6"]
[EventCountry "GER"]
[SourceTitle "Corr 2022"]
[Source "ChessBase"]
[SourceDate "2021.10.24"]
[SourceVersion "1"]
[SourceVersionDate "2021.10.24"]
[SourceQuality "1"]

1. d4 e6 2. e4 d5 3. Nc3 dxe4 4. Nxe4 Nd7 5. Nf3 Ngf6 6. Nxf6+ Nxf6 7. Be3 Bd6 8. Bd3 0-0 9. Qe2 b6 10. 0-0-0 Bb7 11. Kb1 c5 12. Bg5 h6 13. Bh4 Rc8 14. Rhe1 Qc7 15. Bxf6 gxf6 16. Nh4 c4 17. Be4 Bxe4 18. Qxe4 f5 19. Qe3 Bf4 20. Qc3 Bg5 21. Nf3 Bf6 22. Ne5 Rfd8 23. f4 Bg7 24. g4 fxg4 25. Qg3 h5 26. h3 f6 27. Ng6 Kh7 28. Nh4 1-0

[Event "RM-2020-0-00196"]
[Site "LSS email"]
[Date "2020.01.21"]
[Round "?"]
[White "Koch, Christian"]
[Black "Aberbach Peltzman, Angel Sergio"]
[Result "1/2-1/2"]
[WhiteElo "2349"]
[BlackElo "2334"]
[PlyCount "45"]
[EventDate "2020.01.18"]
[EventType "tourn (corr)"]
[EventRounds "6"]
[EventCountry "GER"]
[SourceTitle "Corr 2022"]
[Source "ChessBase"]
[SourceDate "2021.10.24"]
[SourceVersion "1"]
[SourceVersionDate "2021.10.24"]
[SourceQuality "1"]

1. e4 c5 2. Nf3 e6 3. d4 cxd4 4. Nxd4 a6 5. Bd3 Bc5 6. Nb3 Be7 7. Qg4 g6 8. Qe2 d6 9. 0-0 Nd7 10. Nc3 Qc7 11. a4 b6 12. Be3 Bb7 13. Rad1 Ngf6 14. Bh6 Bf8 15. Qd2 Bxh6 16. Qxh6 Rg8 17. h4 Ne5 18. Qf4 Nh5 19. Qe3 f5 20. Nd4 Qe7 21. Nf3 Nxf3+ 22. Qxf3 Qxh4 23. Be2 1/2-1/2

[Event "Buenos Aires CC Moreno op"]
[Site "Buenos Aires"]
[Date "2019.06.28"]
[Round "5.6"]
[White "Dolezal, Cristian"]
[Black "Aberbach Peltzman, Angel Sergio"]
[Result "1-0"]
[WhiteElo "2412"]
[BlackElo "1966"]
[PlyCount "35"]
[EventDate "2019.06.20"]
[EventType "swiss"]
[EventRounds "7"]
[EventCountry "ARG"]
[SourceTitle "EXT 2022"]
[Source "ChessBase"]
[SourceDate "2021.10.06"]
[SourceVersion "1"]
[SourceVersionDate "2021.10.06"]
[SourceQuality "1"]

1. d4 d5 2. c4 c6 3. Nf3 Bf5 4. Nc3 e6 5. Qb3 Qb6 6. c5 Qxb3 7. axb3 Nd7 8. b4 b5 9. Bf4 f6 10. e3 g5 11. Bg3 Nh6 12. Ra6 Rc8 13. Rxa7 Nf7 14. Nxb5 cxb5 15. Bxb5 e5 16. dxe5 Bxc5 17. bxc5 Rxc5 18. Nd4 1-0